Silkwood /

Gorde:
Xehetasun bibliografikoak
Beste egile batzuk: Ephron, Nora, Nichols, Mike, Delerue, Georges, Streep, Meryl, Cher, Russell, Kurt, Arlen, Alice
Formatua: Diapositiba
Hizkuntza:italiera
Argitaratua: [Roma] : De Laurentiis Ricordi Video [distributore], c1988
Saila:Ciak cine
Etiketak: Etiketa erantsi
Etiketarik gabe, Izan zaitez lehena erregistro honi etiketa jartzen!

MARC

LEADER 00000ngm a22000007i 4500
001 IT\ICCU\RAV\1040253
003 ItRI
005 20260124182921.0
008 070108s1988 it |||||||||||||||k|||||c
028 4 2 |a EC572 
040 |b ita 
041 7 |a ita  |2 ISO-639-2 
130 0 |a Silkwood <film ; 1983>  |3 IT\ICCU\RAV\1504354 
245 0 0 |a Silkwood /  |c un film di di Mike Nichols ; musica di Georges Delerue ; scritto da Nora Ephron e Alice Arlen. 
260 |a [Roma] :  |b De Laurentiis Ricordi Video [distributore],  |c c1988 
300 |a 1 videocassetta (VHS) (134 min.) :  |b color., son 
500 |a Tit. del contenitore 
500 |a Film del 1983, USA; interpreti: Meryl Streep, Kurt Russell, Cher. 
700 1 |a Ephron, Nora  |0 IT\ICCU\CFIV\011016 
700 1 |a Nichols, Mike  |0 IT\ICCU\MILV\099947 
700 1 |a Delerue, Georges  |0 IT\ICCU\RAVV\088698 
700 1 |a Streep, Meryl  |0 IT\ICCU\RAVV\089701 
700 0 |a Cher  |0 IT\ICCU\RAVV\092524 
700 1 |a Russell, Kurt  |0 IT\ICCU\RAVV\092806 
700 1 |a Arlen, Alice  |0 IT\ICCU\RAVV\092807 
790 1 |a Greenburg, Nora Ephron  |3 IT\ICCU\SBNV\029676  |z Ephron, Nora 
790 1 |a La Pierre, Cherilyn  |3 IT\ICCU\CFIV\353891  |z Cher 
790 1 |a Sarkisian La Pierre, Cherilyn  |3 IT\ICCU\TSAV\423435  |z Cher 
791 2 |a Sonny & Cher (gruppo musicale)  |3 IT\ICCU\DDSV\021055  |y Cher 
830 0 |a Ciak cine  |0 IT\ICCU\LO1\0925581 
942 |2 ddc  |c VM  |n 0 
952 |0 0  |1 0  |4 0  |6 VO_128_000000000000000  |7 0  |9 28038  |a BO  |b BO  |d 2026-01-24  |i 6326  |l 0  |o VO 128  |p BO6326  |r 2026-01-24 18:29:21  |w 2026-01-24  |x [Sebina 5] [1 videocassetta]  |y VM  |z 1 videocassetta 
981 1 |6 z01  |a b   |b xa2e  
982 1 |6 z01  |a g 
999 |c 23762  |d 23762